| 000 | 01118nam a22003257a 4500 | ||
|---|---|---|---|
| 003 | CHAP | ||
| 005 | 20220817042659.0 | ||
| 008 | 971013s1973 r 00010 d | ||
| 010 | _a52112 | ||
| 011 | _a53084 | ||
| 035 | _a57234 | ||
| 040 | _cCHAP | ||
| 082 |
_a595.799 _bW5 |
||
| 100 | 0 | 0 |
_aWirtz, P. _9122326 |
| 245 |
_aDifferentiation in the honeybee larva _b: a histological, electron-microscopical and physiological study of caste induction in Apis mellifera mellifera l. |
||
| 260 |
_aWageningen : _bVeenman & Zonen, _c1973 |
||
| 300 |
_a155 p. _b: ilus. ; gráfs. |
||
| 490 | _aAB | ||
| 590 |
_aBATCH-UPD _b10 _c20130110 _lUCH01 _h0758 |
||
| 590 |
_aBATCH-UPD _b10 _c20130410 _lUCH01 _h0437 |
||
| 590 |
_aBATCH-UPD _b10 _c20130913 _lUCH01 _h1810 |
||
| 590 |
_aCONVERSION _b10 _c20130109 _lUCH01 _h1328 |
||
| 650 | 1 | 4 |
_aAbejas _xAnatomía y fisiología. _9184 |
| 650 | 1 | 4 | _aApis mellifera. |
| 830 | 0 |
_aAB _9132 |
|
| 901 | _aBK | ||
| 942 | _cLIBRO | ||
| 949 |
_a595.799 W5 _bBC _cLIBRO _d33724000365508 _eLIBRO _fc.2 _h43478 _i57234 _mD _si |
||
| 949 |
_a595.799 W5 _bBC _cLIBRO _d33724000365516 _eLIBRO _h43477 _i57234 _mD _si |
||
| 999 |
_c52112 _d52112 |
||